1647 1412 1790 1138 1819 1952 1572 1331 1854 1520 1832 1376 1137 1284 1230 1564 1895 1177 1665 1811 1666 1831 1165 1411 1929 1373 1718 1179 1789 1818 1662 1897 1358 1240 1389 1506 1813 1294 1499 1998 1635 1187 1119 1207 1831 1927 1406 1048 1897 1787 1340 1342 1631 1131 1341 1557 1498 1329 1110 1525 1561 1433 1274 1732 1771 1458 1812 1264 1436 1572 1523 1753 1873 1639 1618 1925 1615 1145 1840 1060 1396 1722 1318 1651 1381 1531 1351 1927 1366 1207 1728 1162 1489 1231 1184 1941 1811 1789 1649 BCNSPRNW ULIB Ver.6.0+V

เปลี่ยนเป็นภาษาไทย

Change to English
 แสดงรายละเอียดบรรณานุกรม
  กลับหน้าหลัก

Brief Record : Get Marc (ISO 2709) : E-mail record : QR code < ปิดหน้าต่าง
LEADER : 00000nam 2200000uu 4500
001    13399113234
003     ULIB
008    111003s2549||||th 000 0 tha d
020    9746552155
050  4 QD31.2^bม156ป 2549
100 0  มนนภา เทพสุด
245 10 ปฏิบัติการเคมีทั่วไป =^bGeneral chemistry laboratory /^cมนนภา เทพสุด
246 31 General chemistry laboratory
250    พิมพ์ครั้งที่ 2
260    กรุงเทพฯ :^bศูนย์เทคโนโลยีทางการศึกษา มหาวิทยาลัยศรีปทุม,^c2549
300    viii, 325 หน้า :^bภาพประกอบ ;^c26 ซม.
650  4 เคมี
710 2  มหาวิทยาลัยศรีปทุม. ^bศูนย์เทคโนโลยีทางการศึกษา
945    ^p220^l0^i021676
945    ^p220^l0^i021677
995    ทศพร
999 ^a ทศพร
รายการนี้ยังไม่มีแท็ก
คุณยังไม่ได้ล็อกอิน คุณสามารถมีกิจกรรมร่วมกับเว็บไซต์ได้ แต่ต้องล็อกอินก่อน ::
  ล็อกอิน

รายการสื่อสารสนเทศ

ลำดับที่ ประเภท เลขเรียก/บาร์โค้ด สถานที่ สถานะ
- ไม่พบข้อมูล -

รายการใกล้เคียง
    ผู้แต่ง [มนนภา เทพสุด]

    หัวเรื่อง [เคมี]

BibComment


ยังไม่เคยถูกคอมเมนท์

คอมเมนท์ทรัพยากรรายการนี้
  คอมเมนท์: ปฏิบัติการเคมีทั่..


 Copyright 2026. Bcnsprnw @Library